Piratenflaggen 1690-1730 - Statistiken

Allgemein
  • Dieses Quiz wurde 56 mal gespielt
  • Das Durchschnittsergebnis liegt bei 3 aus 19
Antwortstatistiken
Bildquiz Antwort % Korrekt
Edward Teach (Blackbeard)
100%
Stede Bonnet
22%
Henry Every
18%
Jack Rackham
18%
Thomas Tew
18%
Bartholomew Roberts
14%
Bartholomew Roberts
14%
Edward England
14%
Edward Low
10%
Christopher Condent
6%
Christopher Moody
6%
Emanuel Wynne
6%
Captain Napin
4%
Jean Thomas Dulaien
4%
Richard Worley
4%
George Lowther
2%
John Cole
2%
Thomas Nichols
2%
Walter Kennedy
0%
Keine übereinstimmenden Quizze gefunden
Verteilung der Resultate
Anzahl Personen mit jedem Resultat
Perzentil nach korrekt beantworteten Fragen
Ihre Resultats-Entwicklung
Sie haben dieses Quiz noch nicht gespielt